[Event "Chrudim op"]
[Site "Chrudim"]
[Date "2004.07.13"]
[Round "9"]
[White "Chernyshov, Maxim"]
[Black "Jerman, Milos"]
[Result "1/2-1/2"]
[WhiteElo "1950"]
[BlackElo "1658"]
[PlyCount "32"]
[EventDate "2004.07.06"]
[EventType "swiss"]
[EventRounds "9"]
[EventCountry "CZE"]
[SourceTitle "EXT 2006"]
[Source "ChessBase"]
[SourceDate "2005.11.24"]
[SourceVersion "1"]
[SourceVersionDate "2005.11.24"]
[SourceQuality "1"]

1. e4 c5 2. Nf3 Nc6 3. d4 cxd4 4. Nxd4 Nf6 5. Nc3 a6 6. Bc4 e6 7. 0-0 Nxe4 8. Nxe4 d5 9. Bxd5 Qxd5 10. Nxc6 Qxc6 11. Re1 Be7 12. Qd3 Qc7 13. Bd2 0-0 14. Ng5 Bxg5 15. Bxg5 f6 16. Be3 b5 1/2-1/2

[Event "Chrudim op"]
[Site "Chrudim"]
[Date "2004.07.08"]
[Round "4"]
[White "Jerman, Milos"]
[Black "Klima, Ladislav"]
[Result "1/2-1/2"]
[WhiteElo "1658"]
[BlackElo "1488"]
[PlyCount "44"]
[EventDate "2004.07.06"]
[EventType "swiss"]
[EventRounds "9"]
[EventCountry "CZE"]
[SourceTitle "EXT 2006"]
[Source "ChessBase"]
[SourceDate "2005.11.24"]
[SourceVersion "1"]
[SourceVersionDate "2005.11.24"]
[SourceQuality "1"]

1. e4 c5 2. Nf3 Nc6 3. d4 cxd4 4. Nxd4 d6 5. c4 Nf6 6. Nc3 a6 7. Be2 g6 8. Be3 Bg7 9. 0-0 0-0 10. Qd2 Bd7 11. Rad1 Qc7 12. f3 Rfe8 13. Nc2 Rab8 14. Nd5 Nxd5 15. cxd5 Nd8 16. Nd4 Rc8 17. Rc1 Qb8 18. Rxc8 Bxc8 19. Qb4 e6 20. dxe6 Nxe6 21. Rd1 Qa7 22. Kf2 Qc5 1/2-1/2

[Event "Chrudim op"]
[Site "Chrudim"]
[Date "2004.07.06"]
[Round "1"]
[White "Bartos, Jan"]
[Black "Jerman, Milos"]
[Result "1-0"]
[WhiteElo "2141"]
[BlackElo "1658"]
[PlyCount "45"]
[EventDate "2004.07.06"]
[EventType "swiss"]
[EventRounds "9"]
[EventCountry "CZE"]
[SourceTitle "EXT 2006"]
[Source "ChessBase"]
[SourceDate "2005.11.24"]
[SourceVersion "1"]
[SourceVersionDate "2005.11.24"]
[SourceQuality "1"]

1. d4 d5 2. c4 e6 3. Nf3 Nf6 4. Nc3 c5 5. cxd5 exd5 6. Bg5 Be6 7. e4 h6 8. Bb5+ Nc6 9. Bxf6 gxf6 10. Qa4 Qd7 11. 0-0 a6 12. exd5 Bxd5 13. Rfe1+ Kd8 14. Nxd5 Qxd5 15. dxc5 Qxc5 16. Bxc6 bxc6 17. Rac1 Qb5 18. Qd4+ Kc7 19. Qxf6 Bc5 20. Qxf7+ Kb6 21. Ne5 Ra7 22. Nc4+ Qxc4 23. Qxc4 1-0

[Event "Chrudim op"]
[Site "Chrudim"]
[Date "2002.07.12"]
[Round "5"]
[White "Framberk, Jan"]
[Black "Jerman, Milos"]
[Result "1-0"]
[WhiteElo "1679"]
[BlackElo "1600"]
[PlyCount "47"]
[EventDate "2002.07.??"]
[EventType "swiss"]
[EventRounds "9"]
[EventCountry "CZE"]
[SourceTitle "EXT 2006"]
[Source "ChessBase"]
[SourceDate "2005.11.24"]
[SourceVersion "1"]
[SourceVersionDate "2005.11.24"]
[SourceQuality "1"]

1. e4 e5 2. Nf3 Nc6 3. d4 exd4 4. Bc4 d6 5. Nxd4 Nf6 6. Nc3 g6 7. f3 Bg7 8. Be3 0-0 9. Qd2 Re8 10. 0-0-0 Bd7 11. g4 Ne5 12. Be2 Be6 13. h4 Bc4 14. h5 a6 15. hxg6 fxg6 16. g5 Nh5 17. Nf5 Bxe2 18. Qxe2 b5 19. Nxg7 Nxg7 20. Nd5 Rf8 21. Nf6+ Rxf6 22. gxf6 Qxf6 23. Qd2 Nxf3 24. Qd5+ 1-0

[Event "Chrudim op"]
[Site "Chrudim"]
[Date "2002.07.10"]
[Round "3"]
[White "Jerman, Milos"]
[Black "Cvejn, Jaroslav"]
[Result "1/2-1/2"]
[WhiteElo "1600"]
[BlackElo "1560"]
[PlyCount "56"]
[EventDate "2002.07.??"]
[EventType "swiss"]
[EventRounds "9"]
[EventCountry "CZE"]
[SourceTitle "EXT 2006"]
[Source "ChessBase"]
[SourceDate "2005.11.24"]
[SourceVersion "1"]
[SourceVersionDate "2005.11.24"]
[SourceQuality "1"]

1. e4 d5 2. exd5 Nf6 3. d4 Nxd5 4. c4 Nf6 5. Nc3 e6 6. Nf3 Be7 7. g3 b6 8. Bg2 Bb7 9. 0-0 0-0 10. b3 Na6 11. Bb2 Qc8 12. a3 Rd8 13. Ne2 c5 14. Qc2 Be4 15. Qc3 cxd4 16. Nexd4 Nc5 17. Rad1 a5 18. Rfe1 Ra7 19. Ne5 Bxg2 20. Kxg2 Rb7 21. f3 Bf8 22. Ndc6 Re8 23. Rd2 Nfd7 24. Red1 Nxe5 25. Nxe5 Rc7 26. Nd3 Qb7 27. Qc2 b5 28. cxb5 Qxb5 1/2-1/2

[Event "Chrudim op"]
[Site "Chrudim"]
[Date "2002.07.09"]
[Round "2"]
[White "Pokorny, Ondrej"]
[Black "Jerman, Milos"]
[Result "1-0"]
[WhiteElo "1885"]
[BlackElo "1600"]
[PlyCount "53"]
[EventDate "2002.07.??"]
[EventType "swiss"]
[EventRounds "9"]
[EventCountry "CZE"]
[SourceTitle "EXT 2006"]
[Source "ChessBase"]
[SourceDate "2005.11.24"]
[SourceVersion "1"]
[SourceVersionDate "2005.11.24"]
[SourceQuality "1"]

1. e4 c5 2. Nf3 Nc6 3. d4 cxd4 4. Nxd4 d6 5. Nc3 Nf6 6. Bg5 e6 7. Ndb5 a6 8. Bxf6 gxf6 9. Nd4 Qb6 10. Nb3 Ne7 11. Bd3 Bg7 12. Qd2 e5 13. 0-0-0 Be6 14. Kb1 0-0 15. Qe2 d5 16. exd5 Bf5 17. Bxf5 Nxf5 18. Ne4 Nd6 19. Nbc5 Rfd8 20. Nxd6 Rxd6 21. Ne4 Rd7 22. Qg4 Rad8 23. c4 Kf8 24. Qf5 h6 25. c5 Qb4 26. d6 a5 27. Nxf6 1-0